LEADER 00681nab a2200157 i 4500 001 000000275815 003 CaOOAMICUS 005 20230908102600.0 008 180831s1806 it uu u0 0ita r 040 $aSeMil$bita 100 1 $aPigault-Lebrun, Charles Antoine Guillaume,$d<1753-1835>.$0(OLS)http://semarc/name/75909 245 10$aClaudina dramma del signor Pigault-Le-Brun. Traduzione inedita di Giovanni Piazza. 700 1 $aPiazza, Giovanni,$d.$0(OLS)http://semarc/name/84143 773 0 $tTomo 8.$w()204875 996 $6245$aClaudina dramma del signor Pigault-Le-Brun. Traduzione inedita di Giovanni Piazza$9(OLS)http://semarc/title/361610 LEADER 01681nam a2200325 i 4500 001 000000052842 003 CaOOAMICUS 005 20030320000000.0 008 030320s1962 fr u000 u mul u 013 $a24014 040 $aSeMil$bita 100 0 $aGuillaume : de Saint-Thierry,$d.$0(OLS)http://semarc/name/89163 245 10$aExposé sur le Cantique des Cantiques /$cGuillaume de Saint-Thierry ; texte latin, introduction et notes de J.-M. Déchanet ; traduction française de M. Dumontier. 260 $aParis :$bLes Éditions du Cerf,$c1962. 300 $a418 p. ;$c20 cm. 490 0 $aSources Chrétiennes ;$vN°82. Série des Textes Monastiques d'Occident ; N° 8. 490 0 $aSources Chrétiennes. Série des Textes monastiques d'Occident ;$vN°8. 500 $aTesto latino a fronte. - Dalla biblioteca del card. Giovanni Colombo. 700 1 $aDumontier, Maurice .$0(OLS)http://semarc/name/26080 700 1 $aDéchanet, Jean-Marie,$c.$0(OLS)http://semarc/name/26079 830 0$aSources chrétiennes ;$vN°82. Série des Textes Monastiques d'Occident ; N° 8.$0(OLS)http://semarc/title/72 830 0$aSources chrétiennes. Série des Textes monastiques d'Occident ;$vN°8.$0(OLS)http://semarc/title/12473 850 $aSeMil 852 $aSeMil$W1$xVenegono$y1$mSL1.T II 82$j18996$B18996$CSeMilBibl$Z2$F18998 $8I 900 0 $aGuglielmo : di Saint-Thierry. 941 1 $a3 961 $aLascito: Colombo Card. Giovanni 996 $6245$aExposé sur le Cantique des Cantiques$9(OLS)http://semarc/title/81232 996 $6260$aParis :$bLes Éditions du Cerf$9(OLS)http://semarc/publisher/29611